UBT Library

Split : (Record no. 43619)

000 -LEADER
fixed length control field 00918cam a2200265 a 4500
001 - CONTROL NUMBER
control field 14434220
005 - DATE AND TIME OF LATEST TRANSACTION
control field 20180227080930.0
008 - FIXED-LENGTH DATA ELEMENTS--GENERAL INFORMATION
fixed length control field 060630s2007 dcua b 001 0 eng
010 ## - LIBRARY OF CONGRESS CONTROL NUMBER
LC control number 2006021812
020 ## - INTERNATIONAL STANDARD BOOK NUMBER
International Standard Book Number 9780872892989 (alk. paper)
020 ## - INTERNATIONAL STANDARD BOOK NUMBER
International Standard Book Number 0872892980
040 ## - CATALOGING SOURCE
Original cataloging agency DLC
Transcribing agency DLC
Modifying agency DLC
041 ## - LANGUAGE CODE
Language code of text/sound track or separate title eng
043 ## - GEOGRAPHIC AREA CODE
Geographic area code n-us---
080 ## - UNIVERSAL DECIMAL CLASSIFICATION NUMBER
Universal Decimal Classification number 324.27313 BRE
082 00 - DEWEY DECIMAL CLASSIFICATION NUMBER
Classification number 324.27313 BRE
Edition number 22
100 1# - Rafti
Rafti 20
101 ## - Shkurtesa
Shkurtesa POL
245 10 - TITLE STATEMENT
Title Split :
Statement of responsibility, etc Mark D. Brewer, Jeffrey M. Stonecash.
246 3# - VARYING FORM OF TITLE
Title proper/short title Class and cultural divides in American politics
504 ## - BIBLIOGRAPHY, ETC. NOTE
Bibliography, etc Includes bibliographical references (p. 187-211) and index.
906 ## - LOCAL DATA ELEMENT F, LDF (RLIN)
a 7
b cbc
c orignew
d 1
e ecip
f 20
g y-gencatlg
942 ## - ADDED ENTRY ELEMENTS (KOHA)
Source of classification or shelving scheme
Item type Books
Holdings
Withdrawn status Lost status Source of classification or shelving scheme Damaged status Not for loan Collection code Permanent location Current location Shelving location Date acquired Total Checkouts Full call number Barcode Date last seen Price effective from Koha item type
          Koleksioni i përgjithshem UBT - Lipjan UBT - Lipjan Koleksioni i përgjithshem 02/27/2018   324.27313 BRE 002-3000228 02/27/2018 02/27/2018 Books
          Koleksioni i përgjithshem UBT - Lipjan UBT - Lipjan Koleksioni i përgjithshem 02/26/2021   32 BRE 002-6000124 02/26/2021 02/26/2021 Books
UBT Library © 2015-2024. All rights reserved University Education for Business and Technology